Top 15 dei paesi con decessi Covid-9 - 7 luglio 2021 - Statistics

Statistiche generali
  • Questo quiz è stato fatto 5 volte
  • Il punteggio medio è 15 su 24
Statistiche sulle risposte
paese % Corretto
Brasile
100%
Germania
100%
Italia
100%
Messico
100%
Polonia
100%
Russia
100%
Stati Uniti
100%
Argentina
80%
Francia
80%
Regno Unito
80%
Spagna
80%
Belgio
60%
Bulgaria
60%
India
60%
Cechia
40%
Colombia
40%
Croazia
40%
Perù
40%
Slovacchia
40%
Slovenia
40%
Ungheria
40%
Bosnia ed Erzegovina
20%
Iran
20%
Macedonia del Nord
20%
Nessun quiz corrispondente trovato
Distribuzione punteggi
Percentuale di utenti per punteggio
Percentile per numero di risposta
I tuoi punteggi nel tempo
Non hai fatto questo quiz